Foci dei fiumi italiani - Quiz n°1 - Statistics

Statistiche generali
  • Questo quiz è stato fatto 43 volte
  • Il punteggio medio è 7 su 11
Statistiche sulle risposte
Hint Risposta % Corretto
Po Mar Adriatico
86%
Adige Mar Adriatico
86%
Brenta Mar Adriatico
80%
Tronto Mar Adriatico
71%
Volturno Mar Tirreno
69%
Tagliamento Mar Adriatico
66%
Tirso Mar di Sardegna
57%
Ombrone Mar Tirreno
51%
Metauro Mar Adriatico
46%
Arno Mar Ligure
46%
Serchio Mar Ligure
34%
Nessun quiz corrispondente trovato
Distribuzione punteggi
Percentuale di utenti per punteggio
Percentile per numero di risposta
I tuoi punteggi nel tempo
Non hai fatto questo quiz